| 000 | 00498nam a2200169Ia 4500 | ||
|---|---|---|---|
| 003 | GCL | ||
| 008 | 140319s9999 xx 000 0 ara d | ||
| 040 |
_aGCL / _cGCL |
||
| 082 | 0 | 4 |
_a920.72 _bع ج |
| 100 | 1 | _aعبداللطيف محمد الدمياطى | |
| 245 | 1 | 0 |
_aجان دارك: عرض, وتحليل,?وتعقيب / _cعبداللطيف محمد الدمياطى |
| 300 | _a302 ص | ||
| 490 | _a | ||
| 650 | 0 | 4 | _aجان دارك |
| 650 | 0 | 4 | _aالنساء - تراجم |
| 942 |
_2ddc _cBK |
||
| 999 |
_c38354 _d38354 |
||